|
|
|
|
| LEADER |
00000nam a2200000 i 4500 |
| 001 |
IT\ICCU\RAV\2111997 |
| 003 |
ItRI |
| 005 |
20240927222003.0 |
| 008 |
200729s2020 it |||||| ||||| |||||c |
| 015 |
|
|
|2 IT
|a 2020-4736
|
| 020 |
|
|
|a 9788899911355
|
| 040 |
|
|
|b ita
|c CT
|
| 041 |
|
7 |
|a ita
|2 ISO-639-2
|
| 082 |
|
|
|a 938.08
|2 23
|
| 100 |
1 |
|
|a Romm, James S.
|0 IT\ICCU\MILV\079227
|4 aut
|
| 240 |
1 |
0 |
|a Ghost on the throne
|9 Romm, James S.
|
| 245 |
1 |
3 |
|a Il fantasma sul trono :
|b la morte di Alessandro Magno e la sanguinosa lotta per il suo impero /
|c James Romm ; traduzione Gabriella Tonoli.
|
| 260 |
|
|
|a Rovereto :
|b Keller,
|c 2020
|
| 300 |
|
|
|a 442 p. :
|b ill. ;
|c 22 cm
|
| 650 |
|
7 |
|a Regni ellenistici
|x 323-308 a.C.
|2 nsbncf
|
| 650 |
|
7 |
|a Alessandro : Magno
|x Morte
|2 nsbncf
|
| 700 |
1 |
|
|a Tonoli, Gabriella
|0 IT\ICCU\TO0V\594305
|4 trl
|
| 830 |
|
0 |
|a K essay
|0 IT\ICCU\CFI\0964210
|
| 942 |
|
|
|2 ddc
|c BK
|
| 952 |
|
|
|0 0
|1 0
|2 ddc
|4 0
|6 938_080000000000000_ROM_FAN
|7 1
|9 2047
|a GE
|b GE
|d 2024-09-27
|l 0
|o 938.08 ROM FAN
|p 1239
|r 2024-09-27 22:21:16
|w 2024-09-27
|x Donazione di Alvaro Bazzano
|y BK
|z Donazione AB
|
| 981 |
|
1 |
|6 z01
|a i
|b xxxe
|
| 982 |
|
1 |
|6 z01
|a n
|
| 999 |
|
|
|c 1793
|d 1793
|